[Event "ch-Euro Blitz"]
[Site "Ajaccio FRA"]
[Date "2007.10.25"]
[Round "13"]
[White "Fressinet, L."]
[Black "Tkachiev, V."]
[Result "0-1"]
[WhiteElo "2654"]
[BlackElo "2661"]
[PlyCount "72"]
[EventDate "2007.10.25"]
[Source "www.chesslib.no"]
[SourceDate "2004.05.04"]

1. e4 e5 2. Nf3 Nc6 3. Bb5 a6 4. Ba4 d6 5. c3 Bd7 6. d4 g6 7. O-O Bg7 8. Re1 b5 9. Bb3 Nf6 10. dxe5 Nxe5 11. Nxe5 dxe5 12. Nd2 c5 13. Nf3 c4 14. Bc2 Qc7 15. Qe2 O-O 16. h3 Nh5 17. a4 Rab8 18. axb5 axb5 19. Be3 Nf4 20. Bxf4 exf4 21. Red1 Rfe8 22. Nd4 b4 23. Ba4 Bxa4 24. Rxa4 Qc5 25. Qf3 Qe5 26. Rxb4 Rxb4 27. Nc6 Qxe4 28. Qxe4 Rxe4 29. Nxb4 Re2 30. Rd8+ Bf8 31. Rc8 Rxb2 32. Rxc4 Rb1+ 33. Kh2 Bd6 34. f3 g5 35. Rd4 Bc5 36. Rd5 Bg1+ 0-1

[Event "Belgrade-Moscow"]
[Site "Belgrade SCG"]
[Date "1974.??.??"]
[Round "?"]
[White "Tal, Mikhail N"]
[Black "Ivkov, Borislav"]
[Result "1-0"]
[WhiteElo "2635"]
[BlackElo "2530"]
[PlyCount "73"]
[EventDate "1974.11.03"]
[Source "www.chesslib.no"]
[SourceDate "2004.05.04"]

1. e4 e5 2. Nf3 Nc6 3. Bb5 a6 4. Ba4 d6 5. O-O Bd7 6. d4 Nf6 7. Bxc6 Bxc6 8. Re1 Be7 9. Nc3 O-O 10. dxe5 dxe5 11. Qxd8 Raxd8 12. Nxe5 Bd7 13. Nxd7 Rxd7 14. Bg5 Rfd8 15. Rad1 h6 16. Bxf6 Bxf6 17. Rxd7 Rxd7 18. e5 Be7 19. Rd1 Rxd1+ 20. Nxd1 Bc5 21. Kf1 g5 22. Ne3 Bxe3 23. fxe3 Kg7 24. g4 h5 25. gxh5 Kh6 26. Kg2 Kxh5 27. Kg3 g4 28. Kf4 Kh4 29. b4 b6 30. a4 c6 31. c4 b5 32. axb5 axb5 33. c5 Kh3 34. Kg5 Kxh2 35. Kxg4 Kg2 36. Kf5 Kf3 37. e6 1-0

[Event "Hoogeveen Essent op"]
[Site "Hoogeveen"]
[Date "2001.10.14"]
[Round "3"]
[White "Galkin, Alexander"]
[Black "Hort, Vlastimil"]
[Result "1/2-1/2"]
[WhiteElo "2583"]
[BlackElo "2519"]
[PlyCount "33"]
[EventDate "2001.10.12"]
[Source "ChessBase"]
[SourceDate "2001.10.26"]

1. e4 e5 2. Nf3 Nc6 3. Bb5 a6 4. Ba4 d6 5. c3 Nf6 6. d4 Bd7 7. O-O Be7 8. Re1 b5 9. Bc2 O-O 10. a3 Re8 11. Nbd2 h6 12. b4 Qb8 13. Nb3 Bf8 14. h3 Nd8 15. dxe5 dxe5 16. Be3 Nb7 17. Nfd2 1/2-1/2

[Event "Chessfriend.com"]
[Site "?"]
[Date "2003.12.03"]
[Round "1"]
[White "Solodovnichenko Yuri"]
[Black "Morgado Juan Sebastián"]
[Result "1/2-1/2"]
[WhiteElo "2503"]
[BlackElo "2596"]
[PlyCount "66"]
[EventDate "2003.??.??"]
[Source "www.chesslib.no"]
[SourceDate "2004.05.04"]

1. e4 e5 2. Nf3 Nc6 3. Bb5 a6 4. Ba4 Nf6 5. O-O d6 6. Re1 Bd7 7. c4 Be7 8. Bxc6 bxc6 9. d4 exd4 10. Qxd4 c5 11. Qd3 O-O 12. Nc3 Re8 13. Bf4 Nh5 14. Bd2 Bf6 15. Nd5 Bxb2 16. Rab1 c6 17. Rxb2 cxd5 18. cxd5 Bb5 19. Qb3 Qd7 20. Nh4 Qg4 21. Nf5 Nf4 22. Bxf4 Qxf5 23. Qe3 Qf6 24. Rd2 Rac8 25. Rdd1 c4 26. Qg3 c3 27. Bxd6 c2 28. Rc1 Rc3 29. f3 Rc4 30. h4 Qb2 31. Kh2 Ba4 32. Bf4 Kh8 33. Re2 Qxa2 1/2-1/2

[Event "Amsterdam NED"]
[Site "Amsterdam NED"]
[Date "1974.??.??"]
[Round "?"]
[White "Tukmakov, Vladimir B"]
[Black "Knaak, Rainer F A"]
[Result "1-0"]
[WhiteElo "2570"]
[BlackElo "2515"]
[PlyCount "66"]
[EventDate "1974.??.??"]
[Source "www.chesslib.no"]
[SourceDate "2004.05.04"]

1. e4 e5 2. Nf3 Nc6 3. Bb5 a6 4. Ba4 Nf6 5. O-O d6 6. c3 Bd7 7. d4 Qe7 8. Re1 g6 9. dxe5 dxe5 10. c4 Nd8 11. Nc3 c6 12. a3 Bg7 13. b4 Bg4 14. Nd5 Nxd5 15. cxd5 O-O 16. Be3 Qf6 17. Bc5 Re8 18. Bb6 Bh6 19. h3 Bd7 20. Nh2 Bg7 21. Re3 h5 22. Rd3 Qh4 23. Qe2 f5 24. f3 Nf7 25. dxc6 Bxc6 26. Bxc6 bxc6 27. Rd7 Re7 28. Rad1 Qf6 29. Rxe7 Qxe7 30. Qc4 Qb7 31. Bc5 Re8 32. exf5 gxf5 33. Qh4 Qc8 1-0

[Event "Linares Anibal op 3rd"]
[Site "Linares"]
[Date "1996.??.??"]
[Round "?"]
[White "Shchekachev, Andrei"]
[Black "Malaniuk, Vladimir P"]
[Result "1/2-1/2"]
[WhiteElo "2500"]
[BlackElo "2585"]
[PlyCount "115"]
[EventDate "1996.01.??"]
[Source "ChessBase"]

1. e4 e5 2. Nf3 Nc6 3. Bb5 g6 4. c3 a6 5. Ba4 d6 6. d4 Bd7 7. O-O Bg7 8. Re1 b5 9. Bb3 Nf6 10. dxe5 Nxe5 11. Nxe5 dxe5 12. Bg5 h6 13. Bh4 O-O 14. Nd2 Qc8 15. Nf3 Nh5 16. a4 Bc6 17. h3 Qb7 18. axb5 axb5 19. Rxa8 Qxa8 20. Qc2 Re8 21. Nh2 Qa7 22. Qd1 Nf4 23. Ng4 g5 24. Bg3 Qc5 25. h4 Qe7 26. hxg5 Qxg5 27. Qf3 Rd8 28. Bxf4 exf4 29. Nh2 Re8 30. Qd3 Qg6 31. Bd5 Bxd5 32. Qxd5 c6 33. Qd3 Kh8 34. Nf3 Bf6 35. Qd6 Rg8 36. Kf1 Qxg2+ 37. Ke2 Qg6 38. Qxc6 Bg7 39. Qd5 Re8 40. Kf1 Qg4 41. e5 Qh3+ 42. Ke2 Qh5 43. Kd2 f6 44. Qd7 fxe5 45. Rh1 Qxh1 46. Qxe8+ Kh7 47. Qc6 Qg2 48. Qe4+ Qg6 49. Kd3 Bf6 50. b3 h5 51. c4 bxc4+ 52. bxc4 h4 53. c5 h3 54. c6 Bd8 55. Qxg6+ Kxg6 56. Nxe5+ Kf5 57. Nf3 Bb6 58. Ke2 1/2-1/2

[Event "Camp. bielorusso 2007"]
[Site "Minsk BLR"]
[Date "2007.01.20"]
[Round "11"]
[White "Zhigalko, Andrey"]
[Black "Teterev, Vitaly"]
[Result "1/2-1/2"]
[WhiteElo "2539"]
[BlackElo "2516"]
[PlyCount "42"]
[EventDate "2007.01.10"]
[Source "www.chesslib.no"]
[SourceDate "2004.05.04"]

1. e4 e5 2. Nf3 Nc6 3. Bb5 a6 4. Ba4 d6 5. O-O Bd7 6. c3 g6 7. d4 Bg7 8. Re1 b5 9. Bb3 Nf6 10. dxe5 Nxe5 11. Nxe5 dxe5 12. Bg5 O-O 13. Qf3 h6 14. Bh4 Bc6 15. h3 Qd6 16. Na3 Rad8 17. Nc2 Bb7 18. a4 g5 19. Bg3 c5 20. axb5 axb5 21. Na3 Nxe4 1/2-1/2

[Event "Rubinstein mem"]
[Site "Polanica Zdroj"]
[Date "1980.??.??"]
[Round "9"]
[White "Romanishin, Oleg M"]
[Black "Klovans, Janis"]
[Result "1/2-1/2"]
[WhiteElo "2580"]
[BlackElo "2475"]
[PlyCount "55"]
[EventDate "1980.08.??"]
[Source "ChessBase"]

1. e4 e5 2. Nf3 Nc6 3. Bb5 a6 4. Ba4 d6 5. O-O Bd7 6. c3 Nf6 7. d4 g6 8. Qe2 Qe7 9. dxe5 Nxe5 10. Bxd7+ Nexd7 11. Re1 Bg7 12. c4 O-O 13. Nc3 Rfe8 14. Bg5 c6 15. Rad1 Rad8 16. h3 Nc5 17. Bh4 h6 18. b4 Ne6 19. Nd5 cxd5 20. exd5 Qc7 21. dxe6 Rxe6 22. Qd3 Rxe1+ 23. Rxe1 Rc8 24. Nd2 Qc6 25. Bg3 d5 26. c5 Re8 27. Rxe8+ Qxe8 28. Qe3 1/2-1/2

[Event "Lugano Open"]
[Site "Lugano SUI"]
[Date "1988.??.??"]
[Round "?"]
[White "Kindermann, Stefan E S"]
[Black "Balashov, Yuri S"]
[Result "1/2-1/2"]
[WhiteElo "2500"]
[BlackElo "2555"]
[PlyCount "85"]
[EventDate "1988.03.??"]
[Source "www.chesslib.no"]
[SourceDate "2004.05.04"]

1. e4 e5 2. Nf3 Nc6 3. Bb5 a6 4. Ba4 d6 5. O-O Bd7 6. d4 Nf6 7. Bxc6 Bxc6 8. Re1 exd4 9. Nxd4 Nd7 10. Qg4 g6 11. Bg5 Be7 12. Bh6 Bf8 13. Qh3 Bxh6 14. Qxh6 Qf6 15. Nxc6 bxc6 16. Nc3 Nc5 17. e5 dxe5 18. Ne4 Nxe4 19. Rxe4 Qf5 20. Qg7 O-O-O 21. Qxe5 Qxe5 22. Rxe5 Rd2 23. Rc1 Rhd8 24. Kf1 R8d5 25. Re2 Rxe2 26. Kxe2 Re5+ 27. Kd2 Rd5+ 28. Ke2 Re5+ 29. Kf1 Ra5 30. a3 Rb5 31. b3 Ra5 32. a4 Rd5 33. Re1 Kd7 34. Re4 h5 35. h4 c5 36. Ke2 c6 37. Ke3 f6 38. f3 g5 39. hxg5 fxg5 40. Ke2 Kd6 41. f4 gxf4 42. Rxf4 Ke5 43. Rh4 1/2-1/2

[Event "DSV-Turnier"]
[Site "Leipzig"]
[Date "1975.??.??"]
[Round "2"]
[White "Jansa, Vlastimil"]
[Black "Knaak, Rainer"]
[Result "1-0"]
[WhiteElo "2540"]
[BlackElo "2510"]
[PlyCount "103"]
[EventDate "1975.11.22"]
[Source "ChessBase"]

1. e4 Nc6 2. Nf3 e5 3. Bb5 a6 4. Ba4 d6 5. O-O Bd7 6. d4 Nf6 7. Bxc6 Bxc6 8. Re1 Be7 9. Nc3 exd4 10. Nxd4 O-O 11. Nf5 Nd7 12. Nxe7+ Qxe7 13. Nd5 Bxd5 14. Qxd5 Rab8 15. Bg5 Qe5 16. Qxe5 Nxe5 17. Rad1 f5 18. exf5 Rxf5 19. Bc1 Nc6 20. Re2 Kf7 21. Rde1 Re5 22. Rxe5 Nxe5 23. Kf1 Rf8 24. b3 Nc6 25. Re4 Re8 26. Rxe8 Kxe8 27. Bd2 Kf7 28. Ke2 g6 29. Ke3 Ke6 30. Kf4 Nd4 31. c3 Nc6 32. Kg5 Kf7 33. f4 Nd8 34. f5 gxf5 35. Kxf5 Ne6 36. g4 Ng7+ 37. Kg5 Ne6+ 38. Kf5 Ng7+ 39. Ke4 Ne6 40. h4 Kf6 41. c4 Nc5+ 42. Kd5 c6+ 43. Kxd6 Ne4+ 44. Kc7 Nxd2 45. Kxb7 c5 46. Kxa6 Ke6 47. Kb6 Kd6 48. h5 Ne4 49. a4 Kd7 50. Kb7 Nd6+ 51. Kb8 Kc6 52. a5 1-0

[Event "Gawlikowski mem 18th"]
[Site "?"]
[Date "1999.??.??"]
[Round "?"]
[White "Socko Bartosz"]
[Black "Malaniuk Vladimir P"]
[Result "1/2-1/2"]
[WhiteElo "2497"]
[BlackElo "2552"]
[PlyCount "47"]
[EventDate "1999.??.??"]
[Source "www.chesslib.no"]
[SourceDate "2004.05.04"]

1. e4 e5 2. Nf3 Nc6 3. Bb5 a6 4. Ba4 d6 5. O-O Nf6 6. d3 b5 7. Bb3 Na5 8. Nc3 Nxb3 9. axb3 b4 10. Ne2 Be7 11. Ng3 c5 12. c3 bxc3 13. bxc3 O-O 14. d4 Qc7 15. Bb2 Re8 16. dxe5 dxe5 17. c4 Bf8 18. Ra3 Bb7 19. Re1 Nd7 20. Qa1 f6 21. Qb1 Nb8 22. Nf5 Nc6 23. Ne3 Nd4 24. Nd2 1/2-1/2

[Event "ch-UKR"]
[Site "Simferopol"]
[Date "2003.11.10"]
[Round "7"]
[White "Kuzmin, Gennadi P"]
[Black "Malaniuk, Vladimir P"]
[Result "1-0"]
[WhiteElo "2520"]
[BlackElo "2525"]
[PlyCount "79"]
[EventDate "2003.11.04"]
[Source "Roberto Alvarez"]
[SourceDate "2003.12.22"]

1. e4 e5 2. Nf3 Nc6 3. Bb5 g6 4. c3 a6 5. Ba4 d6 6. d4 Bd7 7. O-O Bg7 8. Re1 b5 9. Bb3 Nf6 10. Bg5 h6 11. Bh4 O-O 12. a4 Re8 13. dxe5 Nxe5 14. Nxe5 Rxe5 15. f4 Rh5 16. Bg3 bxa4 17. Bxa4 Bxa4 18. Rxa4 Rb5 19. Ra2 Nh5 20. Na3 Rbb8 21. Nc4 Nxg3 22. hxg3 h5 23. Qd3 h4 24. g4 Qf6 25. Rf1 Re8 26. Ra4 Qe6 27. Ne3 Qd7 28. Rfa1 Rab8 29. Qc2 Qb5 30. R1a2 Qc5 31. Qf2 Qb5 32. Rc4 c6 33. b4 d5 34. Rc5 Qd3 35. e5 d4 36. cxd4 Qxd4 37. Rc4 Qd3 38. g5 Red8 39. Rac2 Rd4 40. Rxc6 1-0

[Event "Herzliya"]
[Site "Herzliya"]
[Date "1993.??.??"]
[Round "8"]
[White "Gruenfeld, Yehuda"]
[Black "Davies, Nigel R"]
[Result "1/2-1/2"]
[WhiteElo "2535"]
[BlackElo "2505"]
[PlyCount "165"]
[EventDate "1993.11.??"]
[Source "ChessBase"]

1. e4 e5 2. Nf3 Nc6 3. Bb5 a6 4. Ba4 Nf6 5. O-O d6 6. c3 Bd7 7. d4 g6 8. Re1 b5 9. Bb3 Bg7 10. Nbd2 O-O 11. Nf1 h6 12. Ng3 Re8 13. h3 Na5 14. Bc2 c5 15. d5 Nc4 16. b3 Nb6 17. Be3 a5 18. Qd2 Kh7 19. Nh2 a4 20. f3 Ng8 21. Qf2 Ra6 22. Bd3 axb3 23. axb3 Qa8 24. Qb2 Rb8 25. Bc2 Ne7 26. Rxa6 Qxa6 27. Ra1 Qb7 28. Qb1 Ra8 29. Ra2 Nec8 30. Nhf1 Rxa2 31. Qxa2 Qa8 32. Qxa8 Nxa8 33. b4 c4 34. Nd2 Bf6 35. Ne2 Bd8 36. f4 f6 37. Kf2 Bb6 38. Nf1 Ne7 39. fxe5 fxe5 40. Bxb6 Nxb6 41. Ne3 Kg7 42. Bd1 Ng8 43. g4 Ne7 44. h4 Kf7 45. Ng3 Bc8 46. g5 h5 47. Ke1 Bd7 48. Ngf1 Nec8 49. Nd2 Ke7 50. Nb1 Na8 51. Na3 Ncb6 52. Kd2 Nc7 53. Be2 Be8 54. Nf1 Bd7 55. Nc2 Ne8 56. Nce3 Ng7 57. Kc2 Kd8 58. Nd2 Kc7 59. Nb1 Kb7 60. Na3 Ne8 61. Kd2 Kc8 62. Bf1 Kd8 63. Nd1 Nc7 64. Nb2 Ne8 65. Ke3 Kc8 66. Kf2 Kd8 67. Kg3 Nc7 68. Bh3 Bxh3 69. Kxh3 Ke7 70. Kg2 Kf7 71. Kf3 Ke7 72. Ke2 Kf7 73. Nd1 Kg7 74. Kd2 Kf7 75. Ne3 Kg7 76. Kc2 Kf7 77. Nb1 Kg7 78. Nd2 Kf7 79. Ndf1 Nc8 80. Ng3 Ne7 81. Kd2 Kf8 82. Ke2 Kf7 83. Kd2 1/2-1/2

[Event "URS-ch otbor"]
[Site "Rostov"]
[Date "1976.??.??"]
[Round "?"]
[White "Savon, Vladimir A"]
[Black "Razuvaev, Yuri S"]
[Result "1-0"]
[WhiteElo "2545"]
[BlackElo "2495"]
[PlyCount "83"]
[EventDate "1976.??.??"]
[Source "ChessBase"]

1. e4 e5 2. Nf3 Nc6 3. Bb5 a6 4. Ba4 d6 5. O-O Bd7 6. d4 Nf6 7. c4 exd4 8. Nxd4 Be7 9. Nxc6 bxc6 10. Nc3 O-O 11. Bf4 Rb8 12. h3 g6 13. Qd2 Nh5 14. Bh6 Re8 15. Rad1 Bf6 16. c5 Rb4 17. cxd6 Bxc3 18. bxc3 Rxa4 19. dxc7 Qxc7 20. Qxd7 Qxd7 21. Rxd7 Raxe4 22. Ra7 Ng7 23. Rxa6 Nf5 24. Bd2 Re2 25. Bf4 Rc2 26. g4 Nh4 27. Rxc6 Nf3+ 28. Kg2 Nd4 29. Rc4 Ne6 30. Be3 Rxa2 31. Rd1 Kg7 32. Rd7 g5 33. Kf3 Rc2 34. Rc6 Kg6 35. Rd5 h6 36. h4 gxh4 37. Rh5 Rh8 38. Rxh4 h5 39. Ke4 Ra2 40. f4 Ra4+ 41. c4 Kg7 42. f5 1-0

[Event "Jurmala"]
[Site "Jurmala"]
[Date "1983.??.??"]
[Round "13"]
[White "Romanishin, Oleg M"]
[Black "Klovans, Janis"]
[Result "1-0"]
[WhiteElo "2585"]
[BlackElo "2450"]
[PlyCount "73"]
[EventDate "1983.06.??"]
[Source "ChessBase"]

1. e4 e5 2. Nf3 Nc6 3. Bb5 a6 4. Ba4 d6 5. O-O Bd7 6. c3 Nf6 7. Re1 g6 8. d4 Bg7 9. Nbd2 O-O 10. h3 exd4 11. cxd4 Nb4 12. e5 Nfd5 13. Bb3 Nf4 14. Ne4 Nbd3 15. Bxf4 Nxf4 16. Qd2 dxe5 17. dxe5 Ne6 18. Rad1 Bc6 19. Nf6+ Bxf6 20. Qc3 Qe7 21. exf6 Qc5 22. Ne5 Qxc3 23. bxc3 Be8 24. Ng4 h5 25. Ne5 Kh7 26. Nd7 Rh8 27. Bxe6 fxe6 28. Rxe6 Kh6 29. Ne5 Rf8 30. g4 hxg4 31. Nxg4+ Kh7 32. Re7+ Kh8 33. Rxc7 Bc6 34. Re1 Rac8 35. Rg7 Rxf6 36. Ree7 Rf5 37. Nh6 1-0

[Event "WYCC 2004 - B18"]
[Site "Creta"]
[Date "2004.11.11"]
[Round "9.1"]
[White "Stellwagen, Daniel"]
[Black "Tomashevsky, Evgeny"]
[Result "1/2-1/2"]
[WhiteElo "2512"]
[BlackElo "2523"]
[PlyCount "45"]
[EventDate "2004.11.04"]
[Source "Roberto Alvarez"]
[SourceDate "2004.11.15"]

1. e4 e5 2. Nf3 Nc6 3. Bb5 a6 4. Ba4 d6 5. O-O Bd7 6. d4 Nf6 7. Bxc6 Bxc6 8. Re1 Be7 9. Nc3 exd4 10. Nxd4 Bd7 11. Qf3 O-O 12. h3 Re8 13. Bf4 Qc8 14. Rad1 b5 15. a3 Qb7 16. Bg5 Rad8 17. Nf5 Bxf5 18. Qxf5 h6 19. Bh4 Nd7 20. Bxe7 Rxe7 21. Nd5 Re5 22. Qg4 c6 23. Nc3 1/2-1/2

[Event "URS Cup"]
[Site "Soviet Union"]
[Date "1984.??.??"]
[Round "?"]
[White "Sokolov, Andrei"]
[Black "Balashov, Yuri S"]
[Result "1/2-1/2"]
[WhiteElo "2495"]
[BlackElo "2535"]
[PlyCount "139"]
[EventDate "1984.??.??"]
[Source "www.chesslib.no"]
[SourceDate "2004.05.04"]

1. e4 e5 2. Nf3 Nc6 3. Bb5 a6 4. Ba4 d6 5. c3 Bd7 6. d4 Nf6 7. O-O g6 8. Nbd2 Qe7 9. Re1 Bg7 10. Nf1 O-O 11. h3 Rfe8 12. Ng3 b5 13. Bc2 Na5 14. b3 c5 15. d5 Kh8 16. Be3 Ng8 17. Qd2 Qf8 18. Nh2 Bh6 19. f4 exf4 20. Bxf4 Bxf4 21. Qxf4 f6 22. Re3 Nb7 23. Rf1 Qe7 24. Bd1 Rf8 25. Bg4 Rae8 26. Bxd7 Qxd7 27. Ng4 Qg7 28. Ne2 Qe7 29. Qg3 Nd8 30. Nf4 Qg7 31. b4 cxb4 32. cxb4 f5 33. exf5 gxf5 34. Nf2 Rxe3 35. Qxe3 Qe5 36. Qd2 Nf6 37. N2d3 Qe7 38. Qf2 Re8 39. Qd4 Qe3+ 40. Qxe3 Rxe3 41. Rc1 Nf7 42. Kf2 Re8 43. Rc6 Ne5 44. Rxa6 Nxd5 45. Rxd6 Nc3 46. Ra6 Nxd3+ 47. Nxd3 Re2+ 48. Kf3 Rd2 49. Nf4 Nxa2 50. Ke3 Rc2 51. Nd5 Rxg2 52. Ra7 Kg8 53. Kf4 Rb2 54. Nf6+ Kf8 55. Nxh7+ Ke8 56. Nf6+ Kf8 57. Nh7+ Ke8 58. Nf6+ Kf8 59. h4 Nxb4 60. Nh7+ Ke8 61. Nf6+ Kf8 62. h5 Nd3+ 63. Ke3 Ne5 64. Nh7+ Kg8 65. Nf6+ Kf8 66. h6 Rh2 67. Nh7+ Ke8 68. Nf6+ Kf8 69. Nh7+ Ke8 70. Nf6+ 1/2-1/2

[Event "Garmisch"]
[Site "Garmisch"]
[Date "1994.??.??"]
[Round "8"]
[White "Landenbergue, Claude"]
[Black "Lobron, Eric"]
[Result "1-0"]
[WhiteElo "2450"]
[BlackElo "2580"]
[PlyCount "75"]
[EventDate "1994.??.??"]
[Source "ChessBase"]

1. e4 e5 2. Nf3 Nc6 3. Bb5 a6 4. Ba4 Nf6 5. d4 exd4 6. O-O d6 7. Nxd4 Bd7 8. Bxc6 bxc6 9. Qf3 c5 10. Nf5 Bxf5 11. Qxf5 g6 12. Qf3 Nd7 13. Nc3 Bg7 14. Qh3 Rb8 15. b3 Qf6 16. Bd2 Qe6 17. Qh4 O-O 18. Rae1 Nb6 19. Ne2 Rbe8 20. Nf4 Qd7 21. Ba5 f5 22. Bxb6 cxb6 23. Nd5 Kh8 24. Nxb6 Qe6 25. Nd5 fxe4 26. c4 Bd4 27. Kh1 Qf5 28. Ne3 Qf4 29. Qg3 Qxg3 30. hxg3 Rf7 31. Re2 a5 32. Kg1 Kg7 33. Nc2 Bf6 34. Rd1 Re6 35. f3 Rfe7 36. Rxe4 Rxe4 37. fxe4 Rxe4 38. Rxd6 1-0

[Event "Yerevan op"]
[Site "?"]
[Date "1996.??.??"]
[Round "9"]
[White "Al Modiahki Mohamad"]
[Black "Giorgadze Giorgi"]
[Result "1/2-1/2"]
[WhiteElo "2425"]
[BlackElo "2590"]
[PlyCount "118"]
[EventDate "1996.??.??"]
[Source "www.chesslib.no"]
[SourceDate "2004.05.04"]

1. e4 e5 2. Nf3 Nc6 3. Bb5 a6 4. Ba4 d6 5. c3 Bd7 6. d4 g6 7. O-O Bg7 8. Re1 b5 9. Bb3 Nf6 10. dxe5 Nxe5 11. Nxe5 dxe5 12. Be3 Qe7 13. f3 O-O 14. c4 b4 15. c5 Rfd8 16. a3 Bb5 17. Qc1 Nh5 18. axb4 Nf4 19. Bxf4 exf4 20. Nc3 Bd4+ 21. Kh1 Qe5 22. Rd1 Kg7 23. Rxd4 Qxd4 24. Qxf4 Rd7 25. Rd1 Qf6 26. Qxf6+ Kxf6 27. Rxd7 Bxd7 28. Nd5+ Ke5 29. Nxc7 Ra7 30. Nd5 a5 31. h4 Rb7 32. Nb6 axb4 33. Bd5 Rc7 34. Nxd7+ Rxd7 35. c6 Ra7 36. Kg1 f6 37. Kf2 Kd4 38. Kg3 Ke3 39. Be6 Rc7 40. Bd5 Re7 41. h5 gxh5 42. Kh4 Rg7 43. b3 Kf2 44. g3 Ke3 45. Kxh5 Kd4 46. g4 Ke5 47. Kh6 Rc7 48. Kh5 Kf4 49. Kh6 Ra7 50. Kh5 Ra5 51. Kh6 Ra7 52. Kh5 Ke5 53. Kh6 Kd6 54. f4 Re7 55. f5 Ke5 56. g5 fxg5 57. Kxg5 Rg7+ 58. Kh6 Rc7 59. Kg5 Rg7+ 1/2-1/2

[Event "Ano Liosia"]
[Site "?"]
[Date "1997.??.??"]
[Round "?"]
[White "Ulibin, M."]
[Black "Skembris, S."]
[Result "1/2-1/2"]
[WhiteElo "2555"]
[BlackElo "2450"]
[PlyCount "63"]
[EventDate "1997.??.??"]
[Source "ChessBase"]
[SourceDate "1996.10.01"]

1. e4 e5 2. Nf3 Nc6 3. Bb5 a6 4. Ba4 Nf6 5. O-O d6 6. c3 Be7 7. d4 O-O 8. Bxc6 bxc6 9. Re1 Nd7 10. Be3 Rb8 11. Nbd2 f6 12. Nc4 Nb6 13. Na5 Qe8 14. Nd2 c5 15. dxc5 dxc5 16. a4 Be6 17. b3 Kh8 18. Qe2 Bd6 19. Rab1 f5 20. f3 f4 21. Bf2 Rf6 22. g4 fxg3 23. hxg3 Qh5 24. Be3 Rbf8 25. Qh2 Qe8 26. Kg2 c4 27. Rh1 h6 28. Bxb6 cxb6 29. Naxc4 Bxc4 30. Nxc4 Rxf3 31. Rhf1 Rxf1 32. Rxf1 1/2-1/2

[Event "JUG-ch"]
[Site "Umag"]
[Date "1972.??.??"]
[Round "13"]
[White "Ivkov, Borislav"]
[Black "Rukavina, Josip"]
[Result "1/2-1/2"]
[WhiteElo "2520"]
[BlackElo "2480"]
[PlyCount "51"]
[EventDate "1972.??.??"]
[Source "ChessBase"]

1. e4 e5 2. Nf3 Nc6 3. Bb5 a6 4. Ba4 Nf6 5. O-O d6 6. c3 Bd7 7. d4 g6 8. Nbd2 Qe7 9. Re1 Bg7 10. Nf1 b5 11. Bc2 O-O 12. Bg5 h6 13. Bh4 Rfe8 14. a4 Rab8 15. axb5 axb5 16. Ne3 Qd8 17. dxe5 Nxe5 18. Nxe5 Rxe5 19. Nd5 Bc6 20. Nb4 Bb7 21. Bg3 Re6 22. e5 dxe5 23. Rxe5 Rxe5 24. Bxe5 Qe7 25. Bg3 Re8 26. Bd3 1/2-1/2

[Event "Rubinstein mem"]
[Site "Polanica Zdroj"]
[Date "1979.??.??"]
[Round "15"]
[White "Arnason, Jon L"]
[Black "Knaak, Rainer"]
[Result "0-1"]
[WhiteElo "2410"]
[BlackElo "2565"]
[PlyCount "116"]
[EventDate "1979.08.??"]
[Source "ChessBase"]

1. e4 Nc6 2. Nf3 e5 3. Bb5 a6 4. Ba4 d6 5. c3 Bd7 6. d4 Nf6 7. O-O Qe7 8. Re1 g6 9. Nbd2 Bg7 10. Nf1 O-O 11. Bg5 h6 12. Bh4 Rfe8 13. Bc2 exd4 14. Nxd4 Qf8 15. f3 Nh5 16. Ne3 Rac8 17. Qd2 Ne5 18. Rf1 b5 19. b3 Nc6 20. Nd5 Nxd4 21. cxd4 Be6 22. Nc3 c5 23. Ne2 cxd4 24. Rac1 d5 25. Nxd4 Bd7 26. Ne2 Be6 27. exd5 Bxd5 28. Kh1 Bb7 29. Bb1 Re5 30. Rxc8 Qxc8 31. Ng3 Rd5 32. Qe3 Re5 33. Qd2 Kh7 34. Nxh5 Rxh5 35. Bg3 Rd5 36. Qf4 Qd7 37. Bc2 Rd2 38. Be4 Rd1 39. Be1 Bc3 40. Qe3 b4 41. Qe2 Bxe4 42. fxe4 Kg8 43. Kg1 Rd3 44. Bg3 Rd2 45. Qxa6 Qd4+ 46. Bf2 Qxe4 47. Re1 Qd5 48. Qc8+ Kg7 49. h3 Rxa2 50. Rf1 Rd2 51. Qg4 Qxb3 52. Bc5 Qd5 53. Be3 Rc2 54. Kh1 b3 55. Rd1 Qc6 56. Rd8 Qf6 57. Rd1 Be5 58. Qe4 Qf5 0-1

[Event "First Satur"]
[Site "Budapest First Satur"]
[Date "1995.??.??"]
[Round "?"]
[White "Enders, Peter"]
[Black "Lukacs, Peter"]
[Result "1-0"]
[WhiteElo "2480"]
[BlackElo "2490"]
[PlyCount "71"]
[EventDate "1995.??.??"]
[Source "www.chesslib.no"]
[SourceDate "2004.05.04"]

1. e4 e5 2. Nf3 Nc6 3. Bb5 a6 4. Ba4 d6 5. O-O Bd7 6. c3 Nf6 7. Re1 g6 8. d4 Qe7 9. d5 Nb8 10. c4 Bg7 11. Nc3 O-O 12. Rb1 a5 13. a3 Nh5 14. Bg5 f6 15. Be3 Bg4 16. h3 Bxf3 17. Qxf3 f5 18. exf5 Rxf5 19. Qd1 Nf4 20. Ne4 Nd7 21. b4 axb4 22. axb4 Nb6 23. Bb3 Raf8 24. c5 Nc8 25. Ra1 h5 26. Ra8 Nxd5 27. Qxh5 Qg5 28. Rxc8 R5f7 29. Rd1 Re8 30. Rd2 Nb6 31. Bd5 Rd8 32. Rd3 Qxe3 33. Rxe3 Nxc8 34. Rf3 Bf6 35. c6 Be7 36. Ra3 1-0

[Event "Budapest FS08 GM"]
[Site "Budapest HUN"]
[Date "1995.??.??"]
[Round "3"]
[White "Enders, Peter"]
[Black "Lukacs, Peter"]
[Result "1-0"]
[WhiteElo "2480"]
[BlackElo "2490"]
[PlyCount "71"]
[EventDate "1995.08.??"]
[Source "www.chesslib.no"]
[SourceDate "2004.05.04"]

1. e4 e5 2. Nf3 Nc6 3. Bb5 a6 4. Ba4 d6 5. O-O Bd7 6. c3 Nf6 7. Re1 g6 8. d4 Qe7 9. d5 Nb8 10. c4 Bg7 11. Nc3 O-O 12. Rb1 a5 13. a3 Nh5 14. Bg5 f6 15. Be3 Bg4 16. h3 Bxf3 17. Qxf3 f5 18. exf5 Rxf5 19. Qd1 Nf4 20. Ne4 Nd7 21. b4 axb4 22. axb4 Nb6 23. Bb3 Raf8 24. c5 Nc8 25. Ra1 h5 26. Ra8 Bh6 27. Qc2 Qh4 28. Rxc8 Rxc8 29. cxd6 Rf7 30. dxc7 Rcxc7 31. Qb1 Rcd7 32. d6 Kh7 33. Bxf7 Rxf7 34. Bxf4 Qxf4 35. Qd3 Qf5 36. d7 1-0

[Event "Bratislava"]
[Site "Bratislava"]
[Date "1983.??.??"]
[Round "9"]
[White "Ghinda, Mihail Viorel"]
[Black "Knaak, Rainer"]
[Result "1/2-1/2"]
[WhiteElo "2480"]
[BlackElo "2490"]
[PlyCount "36"]
[EventDate "1983.09.??"]
[Source "ChessBase"]

1. e4 Nc6 2. Nf3 e5 3. Bb5 a6 4. Ba4 d6 5. O-O Bd7 6. d4 Nf6 7. c3 Qe7 8. Re1 g6 9. Nbd2 Bg7 10. Nf1 O-O 11. Bg5 h6 12. Bxf6 Bxf6 13. Ne3 Bg7 14. Nd5 Qd8 15. dxe5 Nxe5 16. Nxe5 Bxe5 17. Bxd7 Qxd7 18. Qd3 Rad8 1/2-1/2

[Event "RUS Team Ch"]
[Site "Podolsk RUS"]
[Date "1992.??.??"]
[Round "?"]
[White "Aseev, Konstantin N"]
[Black "Mukhametov, Eldar"]
[Result "0-1"]
[WhiteElo "2560"]
[BlackElo "2405"]
[PlyCount "59"]
[EventDate "1992.??.??"]
[Source "www.chesslib.no"]
[SourceDate "2004.05.04"]

1. e4 e5 2. Nf3 Nc6 3. Bb5 g6 4. O-O Bg7 5. c3 a6 6. Ba4 d6 7. d4 Bd7 8. Re1 b5 9. Bb3 Nf6 10. Bg5 h6 11. Bh4 O-O 12. Nbd2 Re8 13. dxe5 dxe5 14. Nf1 Be6 15. N3d2 Na5 16. Bc2 c5 17. Ne3 Ra7 18. Qf3 g5 19. Bg3 Qxd2 20. Bxe5 Qd8 21. Bg3 Nc4 22. Nxc4 Bxc4 23. e5 Nd7 24. a4 Qb6 25. b3 Be6 26. h4 g4 27. Qe4 Nf8 28. h5 bxa4 29. bxa4 Qb2 30. Rad1 0-1

[Event "Sauerland Stern Hotel Open 1st"]
[Site "?"]
[Date "2001.07.08"]
[Round "6"]
[White "Gofshtein Zvulon"]
[Black "Klovans Janis"]
[Result "1-0"]
[WhiteElo "2518"]
[BlackElo "2446"]
[PlyCount "61"]
[EventDate "2001.??.??"]
[Source "www.chesslib.no"]
[SourceDate "2004.05.04"]

1. e4 e5 2. Nf3 Nc6 3. Bb5 a6 4. Ba4 d6 5. O-O Bd7 6. c3 Nf6 7. d4 g6 8. Nbd2 Bg7 9. Re1 O-O 10. h3 Re8 11. Bc2 b5 12. Nf1 a5 13. Ng3 a4 14. Bd2 Na5 15. Qc1 exd4 16. cxd4 Qc8 17. Bg5 Bc6 18. Nh4 Nd7 19. Nhf5 gxf5 20. Nxf5 f6 21. Bh6 Bh8 22. Re3 Kf7 23. Qd1 Rg8 24. Qh5+ Rg6 25. e5 fxe5 26. Bg5 Nf8 27. Ne7 Qd7 28. Bxg6+ hxg6 29. Qxh8 Nc4 30. d5 Nxe3 31. fxe3 1-0